Rozbor faktorov konkurencieschopnosti vo vybranom podniku diplomová práca

Salvato in:
Dettagli Bibliografici
Autore principale: Olejníková, Katarína
Ente Autore: Fakulta podnikového manažmentu EU. Katedra manažmentu
Altri autori: Čambalíková, Andrea, 1990-
Natura: Libro
Lingua:slovacco
Pubblicazione: Bratislava 2025
Tags: Aggiungi Tag
Nessun Tag, puoi essere il primo ad aggiungerne!!

MARC

LEADER 00000nbm a2200000 4500
001 0309899
005 20251217135915.9
041 0 |a slo 
044 |a SK 
245 1 0 |a Rozbor faktorov konkurencieschopnosti vo vybranom podniku  |b diplomová práca  |c Katarína Olejníková ; školiteľ: Andrea Čambalíková 
264 1 |a Bratislava  |c 2025 
300 |a 72 s. 
100 1 |a Olejníková, Katarína 
700 1 |a Čambalíková, Andrea, 1990- 
710 2 |a Fakulta podnikového manažmentu EU. Katedra manažmentu